| 000 | 00649nam a2200193 a 4500 | ||
|---|---|---|---|
| 001 | 000025885 | ||
| 003 | DO-SdBNP | ||
| 005 | 20220929095013.0 | ||
| 007 | ta | ||
| 008 | 110224s1987 dr r 000 0 spa d | ||
| 040 |
_aDO-SdBNP _bspa _cBNPHU |
||
| 082 | 4 | _222 | |
| 111 | 1 |
_aAsamblea general anual de delegados _d(16: 17-18, julio 1987 _cSanto Domingo) _952742 |
|
| 245 | 1 | 0 | _aInforme anual 1986. |
| 260 |
_aSanto Domingo : _bCooperativa Nacional de Servicios Multiples de los Maestro, _c1987. _fEditora Alfa y Omega |
||
| 300 |
_a107 p. ; _c21 cm. |
||
| 710 | 1 |
_aFederación Dominicana de Cooperativas de Ahorro y Credito _952743 |
|
| 942 |
_2ddc _cLBS1 |
||
| 999 |
_c25377 _d25377 |
||